|
|
|
|
| LEADER |
01619cas a2200241 a 4500 |
| 001 |
AALejournalIMF009124 |
| 008 |
230101c9999 xx r poo 0 0eng d |
| 020 |
|
|
|c 5.00 USD
|
| 020 |
|
|
|z 9781451836301
|
| 022 |
|
|
|a 1934-7685
|
| 040 |
|
|
|a BD-DhAAL
|c BD-DhAAL
|
| 110 |
2 |
|
|a International Monetary Fund.
|
| 245 |
1 |
0 |
|a Syrian Arab Republic :
|b Selected Issues.
|
| 264 |
|
1 |
|a Washington, D.C. :
|b International Monetary Fund,
|c 2006.
|
| 300 |
|
|
|a 1 online resource (61 pages)
|
| 490 |
1 |
|
|a IMF Staff Country Reports
|
| 500 |
|
|
|a <strong>Off-Campus Access:</strong> No User ID or Password Required
|
| 500 |
|
|
|a <strong>On-Campus Access:</strong> No User ID or Password Required
|
| 506 |
|
|
|a Electronic access restricted to authorized BRAC University faculty, staff and students
|
| 520 |
3 |
|
|a Syria faces two interrelated medium-term challenges posed by the prospective decline in its oil reserves. The recently approved five-year plan (FYP) laid down a comprehensive strategy to address these challenges. Syria's public finances are headed for challenging times in the coming 10-15 years. Large fiscal deficits have marked the economic history of many developed and developing countries alike during the 1970s and 1980s, with damaging consequences to their economies. Although financial markets can help keep the deficit bias in check, market discipline has proved mostly inadequate.
|
| 538 |
|
|
|a Mode of access: Internet
|
| 830 |
|
0 |
|a IMF Staff Country Reports; Country Report ;
|v No. 2006/295
|
| 856 |
4 |
0 |
|z Full text available on IMF
|u http://elibrary.imf.org/view/journals/002/2006/295/002.2006.issue-295-en.xml
|z IMF e-Library
|